Computer law / (Record no. 11694)
[ view plain ]
| 000 -LEADER | |
|---|---|
| fixed length control field | 01274cam a22003252 4500 |
| 001 - CONTROL NUMBER | |
| control field | 0000025414 |
| 005 - DATE AND TIME OF LATEST TRANSACTION | |
| control field | 20151217154535.0 |
| 008 - FIXED-LENGTH DATA ELEMENTS--GENERAL INFORMATION | |
| fixed length control field | 150910s xx 000 0 eng d |
| 020 ## - INTERNATIONAL STANDARD BOOK NUMBER | |
| International Standard Book Number | 0199696468 : |
| 040 ## - CATALOGING SOURCE | |
| Original cataloging agency | KABU |
| Transcribing agency | KABU |
| 245 10 - TITLE STATEMENT | |
| Title | Computer law / |
| Statement of responsibility, etc. | edited by Chris Reed. |
| 250 ## - EDITION STATEMENT | |
| Edition statement | 7th ed. |
| 260 ## - PUBLICATION, DISTRIBUTION, ETC. (IMPRINT) | |
| Place of publication, distribution, etc. | Oxford : |
| Name of publisher, distributor, etc. | O. U. P., |
| Date of publication, distribution, etc. | 2011. |
| 300 ## - PHYSICAL DESCRIPTION | |
| Extent | liii, 741 p. |
| 650 #0 - SUBJECT ADDED ENTRY--TOPICAL TERM | |
| Topical term or geographic name as entry element | Computers |
| General subdivision | Law and legislation |
| Geographic subdivision | Great Britain. |
| -- | 0000160044 |
| 700 1# - ADDED ENTRY--PERSONAL NAME | |
| Personal name | Reed, Chris. |
| -- | 0000178410 |
| 852 1# - LOCATION | |
| -- | p12500 |
| 852 1# - LOCATION | |
| -- | p12500 |
| 852 1# - LOCATION | |
| -- | p12500 |
| 852 1# - LOCATION | |
| -- | p12500 |
| 852 1# - LOCATION | |
| -- | p12500 |
| 852 1# - LOCATION | |
| -- | p12500 |
| 852 1# - LOCATION | |
| -- | p12500 |
| 852 1# - LOCATION | |
| -- | p12500 |
| 852 1# - LOCATION | |
| -- | p12500 |
| 852 1# - LOCATION | |
| -- | p12500 |
| 852 1# - LOCATION | |
| -- | p12500 |
| 908 ## - PUT COMMAND PARAMETER (RLIN) | |
| Put command parameter | 150910 |
| 950 ## - LOCAL HOLDINGS (RLIN) | |
| -- | 1 |
| Withdrawn status | Lost status | Source of classification or shelving scheme | Not for loan | Home library | Current library | Date acquired | Total Checkouts | Full call number | Barcode | Date last seen | Date last checked out | Price effective from | Koha item type |
|---|---|---|---|---|---|---|---|---|---|---|---|---|---|
| Library of Congress Classification | Kabarak, Main Campus | Kabarak, Main Campus | 17/12/2015 | 1 | KD667 .C66 2011 c. 1 | 020612 | 01/10/2019 | 28/09/2019 | 17/12/2015 | General Collection | |||
| Library of Congress Classification | Kabarak, Main Campus | Kabarak, Main Campus | 17/12/2015 | KD667 .C66 2011 c. 2 | 020532 | 17/12/2015 | 17/12/2015 | General Collection | |||||
| Library of Congress Classification | Kabarak, Main Campus | Kabarak, Main Campus | 17/12/2015 | 1 | KD667 .C66 2011 c. 3 | 020609 | 09/08/2016 | 08/08/2016 | 17/12/2015 | General Collection | |||
| Library of Congress Classification | Kabarak, Main Campus | Kabarak, Main Campus | 17/12/2015 | 1 | KD667 .C66 2011 c. 4 | 020613 | 28/10/2019 | 14/10/2019 | 17/12/2015 | General Collection | |||
| Library of Congress Classification | Kabarak, Main Campus | Kabarak, Main Campus | 17/12/2015 | KD667 .C66 2011 c. 5 | 020615 | 17/12/2015 | 17/12/2015 | General Collection | |||||
| Library of Congress Classification | Kabarak, Main Campus | Kabarak, Main Campus | 17/12/2015 | 2 | KD667 .C66 2011 c. 6 | 020606 | 08/12/2017 | 06/12/2017 | 17/12/2015 | General Collection | |||
| Library of Congress Classification | Kabarak, Main Campus | Kabarak, Main Campus | 17/12/2015 | 1 | KD667 .C66 2011 c. 7 | 020610 | 08/12/2019 | 24/11/2019 | 17/12/2015 | General Collection | |||
| Library of Congress Classification | Kabarak, Main Campus | Kabarak, Main Campus | 17/12/2015 | 1 | KD667 .C66 2011 c. 8 | 020614 | 02/12/2019 | 19/11/2019 | 17/12/2015 | General Collection | |||
| Library of Congress Classification | Kabarak, Main Campus | Kabarak, Main Campus | 17/12/2015 | KD667 .C66 2011 c. 9 | 020608 | 17/12/2015 | 17/12/2015 | General Collection | |||||
| Library of Congress Classification | Kabarak, Main Campus | Kabarak, Main Campus | 17/12/2015 | 2 | KD667 .C66 2011 c. 10 | 020611 | 17/10/2018 | 01/10/2018 | 17/12/2015 | General Collection | |||
| Library of Congress Classification | Kabarak, Main Campus | Kabarak, Main Campus | 17/12/2015 | KD667 .C66 2011 c. 11 | 020607 | 17/12/2015 | 17/12/2015 | General Collection |